Leaders of China Since 1900 - Statistics

General Stats
  • This quiz has been taken 92 times
  • The average score is 11 of 44
Answer Stats
Answer % Correct
Mao Zedong
93%
Xi Jinping
87%
Deng Xiaoping
74%
Jiang Jieshi
74%
Xuantong Emperor
59%
Sun Zhongshan
53%
Hu Jintao
50%
Jiang Zemin
49%
Yuan Shikai
35%
Dowager Empress Cixi
34%
Hua Guofeng
34%
Tsai Ing-wen
26%
Duan Qirui
22%
Guangxu Emperor
21%
Zhang Zuolin
21%
Liu Shaoqi
19%
Li Zongren
19%
Ma Ying-jeou
18%
Song Qingling
18%
V. K. Wellington Koo
18%
Xu Shichang
18%
Zhu De
18%
Cao Kun
16%
Lai Ching-te
16%
Dong Biwu
15%
Feng Guozhang
15%
Lin Sen
15%
Li Yuanhong
15%
Chen Shui-bian
13%
Chiang Ching-kuo
13%
Du Xigui
13%
Gao Lingwei
13%
Lee Teng-hui
13%
Yang Shangkun
13%
Zaifeng, Prince Chun
13%
Huang Fu
12%
Hu Weide
12%
Li Xiannian
12%
Tan Yankai
12%
Yan Huiqing
12%
Yan Xishan
12%
Ye Jianying
12%
Yen Chia-kan
12%
Zhou Ziqi
12%
No matching quizzes found
Score Distribution
Percent of People with Each Score
Percentile by Number Answered
Your Score History
You have not taken this quiz